[Event "GCT Blitz YourNextMove"]
[Site "Leuven BEL"]
[Date "2017.07.02"]
[Round "13.3"]
[White "Vachier-Lagrave, Maxime"]
[Black "So, Wesley"]
[Result "1-0"]
[WhiteTitle "GM"]
[BlackTitle "GM"]
[WhiteElo "2796"]
[BlackElo "2812"]
[WhiteFideId "623539"]
[BlackFideId "5202213"]
[EventDate "2017.07.01"]

1. b3 d5 2. e3 Bf5 3. Bb2 e6 4. Nf3 Nf6 5. Be2 h6 6. O-O Bd6 7. c4 O-O 8. Nc3 c6
9. d3 Qe7 10. a3 Nbd7 11. b4 Rad8 12. Qb3 a6 13. Rad1 Rfe8 14. Rfe1 Ne5 15. Nd4
Bg4 16. f4 Ng6 17. Bxg4 Nxg4 18. h3 Nf6 19. Nf3 Bb8 20. Rf1 e5 21. f5 Nf8 22. e4
N8h7 23. Bc1 dxe4 24. dxe4 Ba7+ 25. c5 b6 26. cxb6 Bxb6+ 27. Kh2 Bd4 28. Rde1 c5
29. Bd2 Rb8 30. Nxd4 cxd4 31. Nd1 a5 32. Nf2 axb4 33. axb4 Qb7 34. Qd3 Re7 35.
Rc1 Ng5 36. Rfe1 Rc7 37. Rxc7 Qxc7 38. h4 Ngh7 39. Rc1 Qb7 40. g4 Qb5 41. Qxb5
Rxb5 42. Rc8+ Nf8 43. g5 hxg5 44. hxg5 Nd7 45. Nd3 f6 46. g6 Rb7 47. Kg2 Nb6 48.
Rc6 Nfd7 49. Nc5 Rb8 50. Nxd7 Nxd7 51. Rc7 Nb6 52. Kf3 Rc8 53. Rxc8+ Nxc8 54. b5
Kf8 55. Bb4+ Ke8 56. Bc5 Kd7 57. Bf8 Nd6 58. Bxg7 1-0

[Event "GCT Blitz YourNextMove"]
[Site "Leuven BEL"]
[Date "2017.07.02"]
[Round "18.2"]
[White "Vachier-Lagrave, Maxime"]
[Black "Nepomniachtchi, Ian"]
[Result "1-0"]
[WhiteTitle "GM"]
[BlackTitle "GM"]
[WhiteElo "2796"]
[BlackElo "2732"]
[WhiteFideId "623539"]
[BlackFideId "4168119"]
[EventDate "2017.07.01"]

1. e4 c5 2. Nf3 d6 3. Bb5+ Nd7 4. O-O a6 5. Bd3 b5 6. Re1 Bb7 7. c4 Ngf6 8. cxb5
axb5 9. Bxb5 Nxe4 10. d4 e6 11. dxc5 Nxc5 12. Nc3 Be7 13. Bf4 Bxf3 14. Qxf3 O-O
15. b4 Na6 16. a3 d5 17. Rad1 Nf6 18. Bc6 Nc7 19. Bxa8 Nxa8 20. Nb5 Qd7 21. Qd3
Nb6 22. Be5 Rc8 23. Nd4 Nc4 24. Nf3 Qa4 25. Ra1 Ne4 26. Bd4 Bf8 27. h4 h6 28.
Rac1 f5 29. Ne5 Ned6 30. Nxc4 dxc4 31. Qe2 Ne4 32. Rxc4 Rd8 33. f3 e5 34. Bxe5
Qa7+ 35. Kh2 Rd2 36. Qe3 Qe7 37. Rxe4 fxe4 38. Qxd2 Qxe5+ 39. f4 Qf5 40. Qe3 Qf6
41. g3 Kh8 42. Re2 Qa1 43. Qb3 Qd4 44. Qf7 Qd6 45. Qe8 g5 46. hxg5 hxg5 47. fxg5
Kg7 48. Qxe4 Qd1 49. Qc2 Qd5 50. Qc3+ Kg8 51. Qe5 Qd1 52. Qe6+ Kg7 53. Rf2 Qh5+
54. Kg2 1-0